000 00671nam a2200157Ia 4500
008 090124s9999 xx 000 0 und d
082 _b33844
245 _a संघर्ष नागरी निवाऱ्याचा
250 _a1
260 _b"धर्माधिकारी जयंत, अमरेंद्र धनेश्वर"
_c2006
300 _a99
630 _a संघर्ष नागरी निवाऱ्याचा
700 _a"धर्माधिकारी जयंत, अमरेंद्र धनेश्वर"
730 _a संघर्ष नागरी निवाऱ्याचा
942 _cBOOK
999 _c188711
_d188711